Datum a čas kvízu
25
Celkem bodů
Celkový počet nahraných bodů na tomto kvízu bez doplňovacích otázek.
5.
Pořadí na kvízu
Konečné umístění týmu na tomto kvízu.
Zaznamenané odpovědi
| # | Otázka | Odpověď | Body | Výsledky |
|---|---|---|---|---|
| 1. | Minulý týden se v Praze konal... | Globsec | 0 | |
| 2. | Hongkongské ministerstvo škols... | C) badmintonu | 1 | |
| 3. | Kapela Lucie v sobotu odehrála... | Bezděz | 0 | |
| 4. | 62letý muž čelí trestnímu ozná... | A) ve vlaku nefungovaly toalety | 0 | |
| 5. | Česká atletka Lurdes Gloria Ma... | běh na 400 m | 1 | |
| 6. | Téma začneme stavbou, které mn... | v roce 1985 | 0 | |
| 7. | Žebříčků hodnotících nejoškliv... | v Severní Koreji (KLDR) | 1 | |
| 8. | Pravděpodobně druhá největší a... | Palác Parlamentu, Bukurešť | 0.5 | |
| 9. | I Slovensko má svého zástupce... | Martina Šimkovičová | 1 | |
| 10. | V této londýnské budově sídlí... | MI6 | 0 |